[Event "Quebec op"]
[Site "Montreal CAN"]
[Date "2012.07.25"]
[Round "6"]
[White "Hebert, Jean"]
[Black "Xu, Haizhou"]
[Result "1/2-1/2"]
[WhiteElo "2436"]
[BlackElo "2126"]
[PlyCount "90"]
[GameId "2160767909442106"]
[EventDate "2012.07.21"]
[EventType "swiss"]
[EventRounds "9"]
[EventCountry "CAN"]
[SourceTitle "hb 2012"]

1. d4 Nf6 2. Nf3 g6 3. c4 Bg7 4. Nc3 O-O 5. Bf4 d6 6. h3 c6 7. e3 a6 8. a4 Qa5 9. Be2 Ne4 10. Rc1 Nxc3 11. bxc3 Nd7 12. O-O Nf6 13. Nd2 c5 14. Bf3 Ra7 15. Qc2 Bd7 16. Ra1 Rc8 17. d5 Be8 18. Nb3 Qc7 19. a5 Rb8 20. Ra2 b5 21. axb6 Rxb6 22. Na5 Kf8 23. Rb1 Nd7 24. Rxb6 Qxb6 25. h4 Ra8 26. Nc6 Nb8 27. Na5 Nd7 28. Kh2 Ne5 29. Bxe5 Bxe5+ 30. g3 Bf6 31. Nc6 a5 32. Kg2 Bd7 33. Rb2 Qc7 34. Rb3 Qc8 35. Ra3 Bh3+ 36. Kh2 Bf1 37. Ra4 Qf5 38. Be4 Qg4 39. Rxa5 Rxa5 40. Nxa5 Qe2 41. Kg1 Qe1 42. Qb1 Qxb1 43. Bxb1 Be2 44. f4 Bxc3 45. Kf2 Bxa5 1/2-1/2

[Event "Quebec op"]
[Site "Montreal CAN"]
[Date "2012.07.25"]
[Round "6"]
[White "Jiang, Louie"]
[Black "Oliva Castaneda, Kevel"]
[Result "1/2-1/2"]
[WhiteElo "2337"]
[BlackElo "2320"]
[PlyCount "117"]
[GameId "2160767909442107"]
[EventDate "2012.07.21"]
[EventType "swiss"]
[EventRounds "9"]
[EventCountry "CAN"]
[SourceTitle "CBM 149 Extra"]
[Source "ChessBase"]
[SourceDate "2012.08.24"]
[SourceVersion "1"]
[SourceVersionDate "2012.08.24"]
[SourceQuality "1"]

1. e4 c5 2. Nf3 e6 3. d4 cxd4 4. Nxd4 Nc6 5. Nc3 Qc7 6. Be3 a6 7. Be2 Nf6 8. a3 Na5 9. f4 d6 10. Qd3 Be7 11. O-O O-O 12. Rae1 Rb8 13. Kh1 b5 14. Bc1 Bb7 15. Qh3 Nd7 16. Bg4 Kh8 17. Re3 Bf6 18. Rd1 Nc4 19. Rg3 Nc5 20. Bf3 Na4 21. Nxa4 bxa4 22. f5 e5 23. Qh5 g6 24. Qh6 Rg8 25. Rh3 Rg7 26. Bg5 Qe7 27. Bxf6 Qxf6 28. Ne2 Nb6 29. Ng3 Nd7 30. Qd2 Bc8 31. Bg4 Rg8 32. Rf1 Qe7 33. Ne2 g5 34. Nc3 Nf6 35. Nd5 Nxd5 36. Qxd5 f6 37. b4 axb3 38. Rxb3 Bd7 39. Qd3 Bc6 40. Rfb1 Rb5 41. Be2 Rc8 42. c4 Rxb3 43. Rxb3 Qc7 44. Qb1 Kg7 45. h3 Ra8 46. Bd3 a5 47. Kh2 Ra7 48. Rb6 Rb7 49. Rxb7 Qxb7 50. Qxb7+ Bxb7 51. Kg1 Kf7 52. Kf2 Ke7 53. Ke3 Kd7 54. Kd2 Kc6 55. Kc3 h5 56. g4 h4 57. Bc2 Kc5 58. Bd3 Ba8 59. Bb1 1/2-1/2

[Event "Quebec op"]
[Site "Montreal CAN"]
[Date "2012.07.25"]
[Round "6"]
[White "Kleinman, Michael"]
[Black "Voskanyan, Vahagn"]
[Result "1-0"]
[WhiteElo "2293"]
[BlackElo "2240"]
[PlyCount "81"]
[GameId "2160767909442108"]
[EventDate "2012.07.21"]
[EventType "swiss"]
[EventRounds "9"]
[EventCountry "CAN"]
[SourceTitle "CBM 149 Extra"]
[Source "ChessBase"]
[SourceDate "2012.08.24"]
[SourceVersion "1"]
[SourceVersionDate "2012.08.24"]
[SourceQuality "1"]

1. c4 c5 2. Nc3 Nf6 3. Nf3 Nc6 4. g3 d5 5. cxd5 Nxd5 6. Nxd5 Qxd5 7. Bg2 e5 8. d3 Bd7 9. O-O Rc8 10. Ng5 Qd6 11. Qb3 Nd8 12. Bd5 Qg6 13. f4 Be7 14. Nf3 exf4 15. Ne5 Qf5 16. Bxf4 Bc6 17. Nxc6 bxc6 18. Bc4 Qd7 19. Be5 O-O 20. Qc3 Qg4 21. Rf4 Qg6 22. Raf1 Bg5 23. Rf5 Bh6 24. Qa3 Be3+ 25. Kg2 Ra8 26. R5f3 Bd4 27. Bxd4 cxd4 28. Qe7 a5 29. a4 h6 30. b3 Rb8 31. h4 Ra8 32. Rf5 h5 33. R1f2 Rc8 34. Rxa5 c5 35. Rxc5 Rxc5 36. Qxc5 Ne6 37. Qf5 Qxf5 38. Rxf5 g6 39. Re5 Ng7 40. Re7 Nf5 41. Rd7 1-0

[Event "Quebec op"]
[Site "Montreal CAN"]
[Date "2012.07.25"]
[Round "6"]
[White "Kraiouchkine, Nikita"]
[Black "Qin, Zi Yi (Joey)"]
[Result "1/2-1/2"]
[WhiteElo "2204"]
[BlackElo "2198"]
[PlyCount "93"]
[GameId "2160767909442109"]
[EventDate "2012.07.21"]
[EventType "swiss"]
[EventRounds "9"]
[EventCountry "CAN"]

1. e4 c5 2. Nf3 Nc6 3. d4 cxd4 4. Nxd4 e5 5. Nb5 d6 6. N1c3 a6 7. Na3 b5 8. Nd5 Nge7 9. c4 Nxd5 10. exd5 Nd4 11. cxb5 Be7 12. Be3 Nf5 13. Bd2 O-O 14. Bd3 Qb6 15. O-O axb5 16. Nc2 Bf6 17. Bc3 Bd7 18. Qf3 Nh4 19. Qe3 Qb7 20. Nb4 Bd8 21. Kh1 Ng6 22. Bxg6 hxg6 23. f4 Bb6 24. Qg3 exf4 25. Rxf4 Rae8 26. Raf1 Bc5 27. Qh4 f6 28. Rxf6 gxf6 29. Rxf6 Rxf6 30. Qxf6 Re5 31. Qxg6+ Kf8 32. Qf6+ Kg8 33. Bxe5 dxe5 34. Nc6 Bxc6 35. dxc6 Qc7 36. Qe6+ Kf8 37. Qd5 Qe7 38. h3 b4 39. a4 bxa3 40. bxa3 e4 41. Qf5+ Kg7 42. Qg4+ Kh7 43. Qd7 Qxd7 44. cxd7 Bb6 45. g4 Kg6 46. h4 Kf6 47. Kg2 1/2-1/2

[Event "Quebec op"]
[Site "Montreal CAN"]
[Date "2012.07.25"]
[Round "6"]
[White "Larochelle, Martial"]
[Black "Robidas, Francois"]
[Result "1-0"]
[WhiteElo "2240"]
[BlackElo "1994"]
[PlyCount "75"]
[GameId "2160767909442110"]
[EventDate "2012.07.21"]
[EventType "swiss"]
[EventRounds "9"]
[EventCountry "CAN"]
[SourceTitle "hb 2012"]

1. c4 e6 2. Nc3 d5 3. d4 c5 4. cxd5 exd5 5. Nf3 Nc6 6. g3 Nf6 7. Bg2 Be7 8. O-O O-O 9. dxc5 Bxc5 10. a3 d4 11. Na4 Be7 12. Bg5 Bf5 13. Rc1 Rc8 14. Nh4 Bg4 15. h3 Bd7 16. Nc5 b6 17. Nxd7 Qxd7 18. Rxc6 Rxc6 19. Bxc6 Qxc6 20. Nf5 Re8 21. Nxe7+ Rxe7 22. Qxd4 Rxe2 23. Rc1 Qe6 24. Be3 h6 25. Kf1 Rxe3 26. Qxe3 Qxh3+ 27. Kg1 Ng4 28. Rc8+ Kh7 29. Qe4+ g6 30. Qf4 Kg7 31. Qd4+ Nf6 32. Rc7 Qf5 33. Rxa7 g5 34. Rb7 b5 35. Rb6 g4 36. b3 h5 37. a4 bxa4 38. bxa4 1-0

[Event "Quebec op"]
[Site "Montreal CAN"]
[Date "2012.07.25"]
[Round "6"]
[White "Lebeau, Gilbert"]
[Black "Trottier, Emile"]
[Result "1-0"]
[WhiteElo "1978"]
[BlackElo "2066"]
[PlyCount "104"]
[GameId "2160767909442111"]
[EventDate "2012.07.21"]
[EventType "swiss"]
[EventRounds "9"]
[EventCountry "CAN"]
[SourceTitle "hb 2012"]

1. d4 e6 2. Nf3 f5 3. c4 Nf6 4. Bg5 d5 5. Nc3 c6 6. e3 Be7 7. Bxf6 Bxf6 8. Bd3 O-O 9. O-O Na6 10. cxd5 exd5 11. Bxa6 bxa6 12. Na4 g5 13. Rc1 Qe8 14. Qd2 Qh5 15. Nc5 Bg7 16. Nd3 f4 17. exf4 gxf4 18. Rfe1 Bg4 19. Nde5 Bxe5 20. Rxe5 Rf5 21. Rxf5 Qxf5 22. Nh4 Qf6 23. g3 f3 24. Re1 Rb8 25. b3 a5 26. Re5 h6 27. Qxa5 Rb7 28. Qe1 Rg7 29. Qe3 Kh7 30. Re8 Rg8 31. Rxg8 Kxg8 32. h3 Bxh3 33. Nxf3 Bf5 34. Qe5 Qf8 35. Qf4 Bb1 36. Qxf8+ Kxf8 37. a3 Bc2 38. b4 Bg6 39. Ne5 Be8 40. g4 Ke7 41. Kg2 Kd6 42. f4 h5 43. Kg3 hxg4 44. Kxg4 a5 45. Kg5 axb4 46. axb4 Kc7 47. Kf6 Kb6 48. Ke7 Bh5 49. f5 Kb5 50. f6 Kxb4 51. Nxc6+ Kb5 52. Nd8 Kc4 1-0

[Event "Quebec op"]
[Site "Montreal CAN"]
[Date "2012.07.25"]
[Round "6"]
[White "Lopez Linares, Lizandro"]
[Black "Ramaswamy, Kiran"]
[Result "1-0"]
[WhiteElo "2096"]
[BlackElo "2037"]
[PlyCount "99"]
[GameId "2160767909442112"]
[EventDate "2012.07.21"]
[EventType "swiss"]
[EventRounds "9"]
[EventCountry "CAN"]
[SourceTitle "EXT 2022"]
[Source "ChessBase"]
[SourceDate "2021.10.06"]
[SourceVersion "1"]
[SourceVersionDate "2021.10.06"]
[SourceQuality "1"]

1. d4 Nf6 2. Nf3 g6 3. c4 Bg7 4. Nc3 O-O 5. e4 d6 6. Be2 Nbd7 7. O-O c6 8. Re1 e5 9. d5 cxd5 10. cxd5 Ne8 11. b4 f5 12. Ng5 Ndf6 13. Qb3 Nxe4 14. Ncxe4 fxe4 15. Nxe4 h6 16. Be3 Bf5 17. Nd2 Nf6 18. h3 Rf7 19. a4 Rc7 20. Bc4 Kh7 21. a5 h5 22. b5 Rf7 23. Nf3 Ne4 24. Bd3 Nc5 25. Bxc5 dxc5 26. Bxf5 Rxf5 27. Re4 Qd6 28. h4 Bh6 29. Rae1 Re8 30. b6 a6 31. R1e2 Bf4 32. g3 Bh6 33. Kg2 Qf6 34. Ne1 Qd6 35. Nd3 Bg7 36. Qc4 Rc8 37. f4 exf4 38. Nxf4 Be5 39. Ne6 Bf6 40. Nc7 Rf8 41. Re6 Qd7 42. Qxc5 Rf7 43. Qc4 Be7 44. Qe4 Bd6 45. Ne8 Bc5 46. Nc7 Rf2+ 47. Kh3 R2f6 48. Rc2 Bd6 49. Ne8 Qb5 50. Rxf6 1-0

[Event "Quebec op"]
[Site "Montreal CAN"]
[Date "2012.07.25"]
[Round "6"]
[White "Luo, Zhao Yang"]
[Black "Libersan, Thierry"]
[Result "1-0"]
[WhiteElo "2042"]
[BlackElo "2153"]
[PlyCount "81"]
[GameId "2160767909442113"]
[EventDate "2012.07.21"]
[EventType "swiss"]
[EventRounds "9"]
[EventCountry "CAN"]
[SourceTitle "hb 2012"]

1. d4 c5 2. e3 Nf6 3. Nf3 e6 4. Bd3 cxd4 5. exd4 Be7 6. O-O d6 7. c4 O-O 8. Nc3 Nbd7 9. Re1 b6 10. h3 Bb7 11. Bf4 a6 12. Rc1 Re8 13. Bg3 Rc8 14. Ng5 h6 15. Nge4 Nxe4 16. Bxe4 Bxe4 17. Nxe4 Nf6 18. Qf3 Nxe4 19. Qxe4 Qd7 20. Qd3 b5 21. b3 bxc4 22. Rxc4 d5 23. Ra4 a5 24. Bf4 Bb4 25. Bd2 Qb7 26. Rb1 Qb6 27. Bxb4 axb4 28. Qd2 Ra8 29. Qxb4 Qxb4 30. Rxb4 Rxa2 31. Rc1 Rb2 32. Rc7 Ra8 33. g3 Rd2 34. Rbb7 Rf8 35. Rb4 g6 36. Kg2 Ra8 37. Rbb7 Rxd4 38. Rxf7 g5 39. Rg7+ Kh8 40. Rh7+ Kg8 41. Rxh6 1-0

[Event "Quebec op"]
[Site "Montreal CAN"]
[Date "2012.07.25"]
[Round "6"]
[White "Masse, Hugues"]
[Black "Perez Garcia, Rodney Oscar"]
[Result "0-1"]
[WhiteElo "2232"]
[BlackElo "2412"]
[PlyCount "130"]
[GameId "2160767909442114"]
[EventDate "2012.07.21"]
[EventType "swiss"]
[EventRounds "9"]
[EventCountry "CAN"]
[SourceTitle "CBM 149 Extra"]
[Source "ChessBase"]
[SourceDate "2012.08.24"]
[SourceVersion "1"]
[SourceVersionDate "2012.08.24"]
[SourceQuality "1"]

1. d4 d5 2. c4 c6 3. Nf3 Nf6 4. e3 e6 5. b3 Nbd7 6. Bb2 b6 7. Bd3 Bb7 8. O-O Be7 9. Nc3 O-O 10. e4 dxe4 11. Nxe4 c5 12. Qe2 Qc7 13. Rad1 Rad8 14. dxc5 bxc5 15. Nxf6+ Bxf6 16. Bxf6 Nxf6 17. Ne5 Rd4 18. Bc2 Rfd8 19. Rxd4 Rxd4 20. Rd1 Rxd1+ 21. Qxd1 g6 22. Nd3 e5 23. Qa1 Nd7 24. f3 e4 25. fxe4 Bxe4 26. Ne1 Bb7 27. Bd1 Ne5 28. Nf3 Ng4 29. h3 Ne3 30. Kf2 Qf4 31. Be2 Bxf3 32. Bxf3 Nf5 33. Qc3 Qg3+ 34. Kg1 Nd4 35. Qe3 h5 36. Qf2 h4 37. Bd5 Nf5 38. Be4 Ne3 39. Bf3 Qg5 40. Qd2 Qe7 41. Qe1 f5 42. Kf2 f4 43. Qd2 Kh7 44. Bg4 Qe4 45. Bf3 Qb1 46. Be2 Qh1 47. Qd7+ Kh6 48. Qc6 Qh2 49. Bd3 Qg3+ 50. Kg1 Nxg2 51. Qxg6+ Qxg6 52. Bxg6 Kxg6 53. Kxg2 Kf5 54. Kf3 a5 55. a3 Ke5 56. a4 Kf5 57. Kf2 Ke4 58. Ke2 Kd4 59. Kf3 Kc3 60. Kg4 f3 61. Kxf3 Kxb3 62. Kg4 Kxa4 63. Kxh4 Kb4 64. Kg5 a4 65. h4 a3 0-1

[Event "Quebec op"]
[Site "Montreal CAN"]
[Date "2012.07.25"]
[Round "6"]
[White "Nardone, Raul"]
[Black "O'Neill, Brendon"]
[Result "1-0"]
[WhiteElo "1870"]
[BlackElo "1496"]
[PlyCount "75"]
[GameId "2160767909442115"]
[EventDate "2012.07.21"]
[EventType "swiss"]
[EventRounds "9"]
[EventCountry "CAN"]
[SourceTitle "hb 2012"]

1. e4 c5 2. Nc3 d6 3. Nf3 Bg4 4. Bc4 e6 5. h3 Bxf3 6. Qxf3 a6 7. a4 Nc6 8. O-O Nd4 9. Qd1 Ne7 10. d3 g6 11. Ne2 Nxe2+ 12. Qxe2 Bg7 13. Re1 O-O 14. c3 Nc6 15. f4 Rb8 16. Be3 b5 17. axb5 axb5 18. Ba2 b4 19. Rec1 Kh8 20. e5 b3 21. Bb1 dxe5 22. Bxc5 Rg8 23. fxe5 Bxe5 24. d4 Bg7 25. Rf1 Qc7 26. Be4 e5 27. Ra6 Nd8 28. Bd6 Qc8 29. dxe5 Re8 30. Bd5 f5 31. Bxb8 Qc5+ 32. Qf2 Qxd5 33. Rd6 Qe4 34. Qd4 Qxd4+ 35. cxd4 Ne6 36. Ba7 Ng5 37. Rc1 Re7 38. Rc8+ 1-0

[Event "Quebec op"]
[Site "Montreal CAN"]
[Date "2012.07.25"]
[Round "6"]
[White "Noritsyn, Nikolay"]
[Black "Thavandiran, Shiyam"]
[Result "1-0"]
[WhiteElo "2460"]
[BlackElo "2301"]
[PlyCount "77"]
[GameId "2160767909442116"]
[EventDate "2012.07.21"]
[EventType "swiss"]
[EventRounds "9"]
[EventCountry "CAN"]
[SourceTitle "CBM 149 Extra"]
[Source "ChessBase"]
[SourceDate "2012.08.24"]
[SourceVersion "1"]
[SourceVersionDate "2012.08.24"]
[SourceQuality "1"]

1. b3 e5 2. Bb2 Nc6 3. e3 Nf6 4. Nf3 e4 5. Nd4 Ne5 6. c4 d6 7. f4 exf3 8. Nxf3 Bf5 9. Nc3 g6 10. h3 h5 11. Nxe5 dxe5 12. Qf3 c6 13. Be2 Bb4 14. O-O-O Qe7 15. g4 Bxc3 16. gxf5 Bxb2+ 17. Kxb2 g5 18. Qg3 Nd7 19. Rhf1 f6 20. d3 a5 21. a3 O-O-O 22. Qe1 b6 23. b4 axb4 24. axb4 Kb7 25. Qc3 e4 26. d4 Ra8 27. Ra1 Qd6 28. c5 bxc5 29. dxc5 Qh2 30. Qd2 Kc7 31. Rfd1 Qe5+ 32. Qd4 Rhb8 33. Kc3 Rxa1 34. Rxa1 Qxf5 35. Ra7+ Kd8 36. Bxh5 Qd5 37. Qxd5 cxd5 38. c6 Rb6 39. cxd7 1-0

[Event "Quebec op"]
[Site "Montreal CAN"]
[Date "2012.07.25"]
[Round "6"]
[White "Panjwani, Raja"]
[Black "Sambuev, Bator"]
[Result "1-0"]
[WhiteElo "2392"]
[BlackElo "2542"]
[PlyCount "81"]
[GameId "2160767909442117"]
[EventDate "2012.07.21"]
[EventType "swiss"]
[EventRounds "9"]
[EventCountry "CAN"]
[SourceTitle "CBM 149 Extra"]
[Source "ChessBase"]
[SourceDate "2012.08.24"]
[SourceVersion "1"]
[SourceVersionDate "2012.08.24"]
[SourceQuality "1"]

1. c4 e6 2. Nf3 d5 3. g3 c6 4. Bg2 dxc4 5. a4 a5 6. Na3 Bxa3 7. bxa3 e5 8. Qc2 Qd5 9. Bb2 f6 10. O-O Qf7 11. Nh4 Ne7 12. f4 exf4 13. Rxf4 Be6 14. Raf1 Nd7 15. g4 Ng6 16. Nf5 O-O 17. R4f2 Nde5 18. g5 Qc7 19. gxf6 Ng4 20. Bh3 Bxf5 21. Qxc4+ Qf7 22. Qxf7+ Rxf7 23. Rxf5 Nxf6 24. Bc3 Re7 25. e3 Nd5 26. Bd4 Rae8 27. Bg2 Ne5 28. Rb1 Nf6 29. Rc1 Nd3 30. Rc3 Ne5 31. Rc5 Nfd7 32. Rxa5 g6 33. Rf2 Nc4 34. Ra7 Nde5 35. a5 Nd3 36. Rf1 Nxa3 37. a6 Nb5 38. Rxb7 Nxd4 39. exd4 Rxb7 40. axb7 Nb4 41. Ra1 1-0

[Event "Quebec op"]
[Site "Montreal CAN"]
[Date "2012.07.25"]
[Round "6"]
[White "Plante, Michel"]
[Black "Barre, Michel"]
[Result "1-0"]
[WhiteElo "2084"]
[BlackElo "1882"]
[PlyCount "125"]
[GameId "2160767909442118"]
[EventDate "2012.07.21"]
[EventType "swiss"]
[EventRounds "9"]
[EventCountry "CAN"]
[SourceTitle "hb 2012"]

1. b3 e5 2. Bb2 Nc6 3. e3 Nf6 4. Bb5 Bd6 5. Ne2 O-O 6. O-O a6 7. Bxc6 dxc6 8. f4 Re8 9. f5 c5 10. Ng3 e4 11. Nc3 b5 12. Nce2 Be5 13. c3 Bb7 14. Nf4 Qd6 15. Qc2 Rad8 16. Rad1 c4 17. bxc4 bxc4 18. Qa4 Qc6 19. Qc2 Qd6 20. Qa4 Qc6 21. Qc2 Qd6 22. h3 Bc6 23. Rf2 a5 24. Re1 a4 25. Qc1 Ba8 26. Ba3 c5 27. Nf1 Rb8 28. g4 Rb6 29. Qd1 Bc6 30. Qe2 Bxf4 31. Rxf4 Qd5 32. g5 Nd7 33. Ng3 Ba8 34. Kh2 Rd6 35. Bc1 f6 36. h4 Qf7 37. Rg1 fxg5 38. hxg5 Qd5 39. f6 gxf6 40. gxf6 Kf7 41. Nf5 Nxf6 42. Nxd6+ Qxd6 43. Qh5+ Ke7 44. Rg7+ Kd8 45. Qg5 Rf8 46. Rxh7 Kc8 47. Qf5+ Kb8 48. Rhh4 Nd7 49. Qg5 Re8 50. Kh1 Bd5 51. Rh6 Re6 52. Rxe6 Bxe6 53. Rh4 Kb7 54. Rh6 Qf8 55. Qf4 Qg8 56. Ba3 Kc8 57. Qd6 Bg4 58. Qc6+ Kb8 59. Qg6 Bf3+ 60. Kg1 Qd8 61. Qd6+ Kc8 62. Qa6+ Kb8 63. Qb5+ 1-0

[Event "Quebec op"]
[Site "Montreal CAN"]
[Date "2012.07.25"]
[Round "6"]
[White "Rondon, Luciano"]
[Black "Carrier, Claude"]
[Result "1-0"]
[WhiteElo "1844"]
[BlackElo "2197"]
[PlyCount "39"]
[GameId "2160767909442119"]
[EventDate "2012.07.21"]
[EventType "swiss"]
[EventRounds "9"]
[EventCountry "CAN"]
[SourceTitle "hb 2012"]

1. d4 Nf6 2. c4 g6 3. g3 d5 4. Bg2 Bg7 5. cxd5 Nxd5 6. e4 Nb6 7. Ne2 O-O 8. O-O Nc6 9. d5 Na5 10. Nbc3 e6 11. b3 exd5 12. exd5 Nd7 13. Ba3 Re8 14. Rc1 a6 15. Nd4 b6 16. d6 Ra7 17. Nd5 c5 18. Ne7+ Kh8 19. Ndc6 Nxc6 20. Nxc6 1-0

[Event "Quebec op"]
[Site "Montreal CAN"]
[Date "2012.07.25"]
[Round "6"]
[White "Rozentalis, Eduardas"]
[Black "Vera, Reynaldo"]
[Result "1/2-1/2"]
[WhiteElo "2600"]
[BlackElo "2489"]
[PlyCount "59"]
[GameId "2160767909442120"]
[EventDate "2012.07.21"]
[EventType "swiss"]
[EventRounds "9"]
[EventCountry "CAN"]
[SourceTitle "CBM 149 Extra"]
[Source "ChessBase"]
[SourceDate "2012.08.24"]
[SourceVersion "1"]
[SourceVersionDate "2012.08.24"]
[SourceQuality "1"]

1. e4 c5 2. c3 Nf6 3. e5 Nd5 4. Nf3 Nc6 5. Bc4 e6 6. d4 cxd4 7. cxd4 d6 8. O-O Be7 9. exd6 Qxd6 10. Nc3 O-O 11. Re1 a6 12. Bb3 Rd8 13. Qe2 b5 14. Ne4 Qc7 15. Bg5 Bb7 16. Rad1 Rac8 17. Nc5 Kh8 18. Qe4 Bxg5 19. Nxg5 Nf6 20. Qh4 Rxd4 21. Rxd4 Nxd4 22. Nxf7+ Qxf7 23. Qxd4 Bd5 24. Bxd5 exd5 25. b4 Re8 26. Rxe8+ Qxe8 27. Kf1 Qg6 28. Nd3 Qh5 29. Qe5 Qd1+ 30. Ne1 1/2-1/2

[Event "Quebec op"]
[Site "Montreal CAN"]
[Date "2012.07.25"]
[Round "6"]
[White "Smith, Bryan G"]
[Black "Gerzhoy, Leonid"]
[Result "1/2-1/2"]
[WhiteElo "2441"]
[BlackElo "2459"]
[PlyCount "51"]
[GameId "2160767909442121"]
[EventDate "2012.07.21"]
[EventType "swiss"]
[EventRounds "9"]
[EventCountry "CAN"]
[SourceTitle "CBM 149 Extra"]
[Source "ChessBase"]
[SourceDate "2012.08.24"]
[SourceVersion "1"]
[SourceVersionDate "2012.08.24"]
[SourceQuality "1"]

1. e4 e6 2. d4 d5 3. Nd2 c5 4. exd5 exd5 5. Ngf3 Nf6 6. Bb5+ Bd7 7. Bxd7+ Nbxd7 8. O-O Be7 9. dxc5 Nxc5 10. Re1 O-O 11. Nf1 Re8 12. Be3 Nfe4 13. c3 Rc8 14. Re2 Bf6 15. Bxc5 Rxc5 16. Qb3 Rc7 17. Rd1 Nc5 18. Qb5 Rxe2 19. Qxe2 Ne6 20. Ne3 Rd7 21. Ng4 a6 22. g3 h6 23. Qd3 h5 24. Nge5 Rd6 25. Re1 g6 26. Kg2 1/2-1/2

[Event "Quebec op"]
[Site "Montreal CAN"]
[Date "2012.07.25"]
[Round "6"]
[White "Sprumont, Oscar"]
[Black "Sarrazin-Gendron, Roman"]
[Result "1/2-1/2"]
[WhiteElo "1857"]
[BlackElo "1938"]
[PlyCount "46"]
[GameId "2160767909442122"]
[EventDate "2012.07.21"]
[EventType "swiss"]
[EventRounds "9"]
[EventCountry "CAN"]
[SourceTitle "EXT 2022"]
[Source "ChessBase"]
[SourceDate "2021.10.06"]
[SourceVersion "1"]
[SourceVersionDate "2021.10.06"]
[SourceQuality "1"]

1. e4 d6 2. Nc3 Nf6 3. d3 e5 4. f4 Nc6 5. Nf3 g6 6. Be2 Bg7 7. O-O O-O 8. f5 Ne7 9. Nh4 d5 10. g4 d4 11. Nb1 Ne8 12. g5 f6 13. fxg6 Nxg6 14. Nxg6 hxg6 15. gxf6 Bxf6 16. Bg4 Kg7 17. Rf2 Bh4 18. Rxf8 Kxf8 19. Qf3+ Qf6 20. Qxf6+ Nxf6 21. Bxc8 Rxc8 22. Na3 Ke7 23. Nc4 Ke6 1/2-1/2

[Event "Quebec op"]
[Site "Montreal CAN"]
[Date "2012.07.25"]
[Round "6"]
[White "Sumets, Andrey"]
[Black "So, Wesley"]
[Result "1/2-1/2"]
[WhiteElo "2618"]
[BlackElo "2650"]
[PlyCount "59"]
[GameId "2160767909442123"]
[EventDate "2012.07.21"]
[EventType "swiss"]
[EventRounds "9"]
[EventCountry "CAN"]
[SourceTitle "CBM 149 Extra"]
[Source "ChessBase"]
[SourceDate "2012.08.24"]
[SourceVersion "1"]
[SourceVersionDate "2012.08.24"]
[SourceQuality "1"]

1. d4 Nf6 2. c4 g6 3. Nc3 d5 4. Nf3 Bg7 5. Bf4 O-O 6. e3 c5 7. dxc5 Ne4 8. Rc1 Nd7 9. cxd5 Nxc3 10. bxc3 Qa5 11. Qb3 Nxc5 12. Qb4 Qxb4 13. cxb4 Na4 14. Be5 Bf5 15. Bxg7 Kxg7 16. Bc4 Rac8 17. O-O Rfd8 18. Nd4 Be4 19. f3 Bxd5 20. Bxd5 Rxc1 21. Rxc1 Rxd5 22. Rc7 e5 23. Nb3 b5 24. Rxa7 Nc3 25. a3 g5 26. Nc5 Rd1+ 27. Kf2 Rd2+ 28. Kg3 h5 29. h4 gxh4+ 30. Kxh4 1/2-1/2

[Event "Quebec op"]
[Site "Montreal CAN"]
[Date "2012.07.25"]
[Round "6"]
[White "Sun, Mike"]
[Black "De Lagrave, Sylvain"]
[Result "1-0"]
[WhiteElo "1680"]
[BlackElo "1970"]
[PlyCount "83"]
[GameId "2160767909442124"]
[EventDate "2012.07.21"]
[EventType "swiss"]
[EventRounds "9"]
[EventCountry "CAN"]
[SourceTitle "hb 2012"]

1. e4 c5 2. Nc3 d6 3. f4 g6 4. Nf3 Bg7 5. Bc4 Nc6 6. O-O e6 7. a3 Nge7 8. d3 d5 9. Ba2 d4 10. Ne2 Bd7 11. Qe1 Qb6 12. Rb1 a5 13. Qf2 f5 14. Ng3 h6 15. Re1 O-O-O 16. Nd2 e5 17. Nc4 Qc7 18. exf5 Nxf5 19. Nxf5 Bxf5 20. fxe5 b5 21. Nd6+ Rxd6 22. exd6 Qxd6 23. Bf4 Qd7 24. Bg3 Rf8 25. Qxf5 Rxf5 26. Be6 Be5 27. Bxd7+ Kxd7 28. Bxe5 Nxe5 29. h3 h5 30. Rf1 Rxf1+ 31. Rxf1 Ke6 32. Rf8 Kd5 33. Rd8+ Ke6 34. Kf2 Nc6 35. Re8+ Kd5 36. Kf3 c4 37. Kf4 b4 38. dxc4+ Kxc4 39. axb4 Nxb4 40. Rc8+ Kd5 41. Kg5 Nc6 42. Rxc6 1-0

[Event "Quebec op"]
[Site "Montreal CAN"]
[Date "2012.07.25"]
[Round "6"]
[White "Trahan, Daniel"]
[Black "Arsenault, Nicolas"]
[Result "1/2-1/2"]
[WhiteElo "2095"]
[BlackElo "2106"]
[PlyCount "106"]
[GameId "2160767909442125"]
[EventDate "2012.07.21"]
[EventType "swiss"]
[EventRounds "9"]
[EventCountry "CAN"]
[SourceTitle "hb 2012"]

1. d4 Nf6 2. c4 e6 3. Nc3 Bb4 4. Qc2 O-O 5. a3 Bxc3+ 6. Qxc3 d5 7. Nf3 dxc4 8. e3 b5 9. b3 cxb3 10. Bxb5 Nbd7 11. a4 Bb7 12. Ba3 c5 13. Qxb3 Qa5+ 14. Ke2 Rfc8 15. dxc5 Nxc5 16. Qb4 Qxb4 17. Bxb4 Nd5 18. Bxc5 Rxc5 19. Rhc1 Rac8 20. Rxc5 Rxc5 21. Kd2 Nc3 22. Bd3 Ne4+ 23. Bxe4 Bxe4 24. Rc1 Rxc1 25. Kxc1 Kf8 26. Kb2 Ke7 27. Kc3 Kd6 28. Kb4 e5 29. Ne1 f5 30. f3 Bc6 31. Nc2 g5 32. Na3 g4 33. Nb5+ Ke6 34. Nxa7 gxf3 35. gxf3 Bxf3 36. Nb5 Bg2 37. Kc3 f4 38. exf4 exf4 39. Kd3 Kf5 40. Ke2 Kg4 41. Nd4 Bb7 42. a5 Kh3 43. Ne6 f3+ 44. Kf2 h5 45. Nc7 Kxh2 46. a6 Bc6 47. a7 Kh3 48. a8=Q Bxa8 49. Nxa8 Kg4 50. Nc7 h4 51. Nd5 h3 52. Ne3+ Kf4 53. Nf1 Kg4 1/2-1/2

[Event "Quebec op"]
[Site "Montreal CAN"]
[Date "2012.07.25"]
[Round "6"]
[White "Yun, Chang"]
[Black "Beaulieu, Pierre"]
[Result "1-0"]
[WhiteElo "1988"]
[BlackElo "1901"]
[PlyCount "99"]
[GameId "2160767909442126"]
[EventDate "2012.07.21"]
[EventType "swiss"]
[EventRounds "9"]
[EventCountry "CAN"]
[SourceTitle "hb 2012"]

1. e4 b6 2. d4 Bb7 3. Nc3 e6 4. Be3 Bb4 5. f3 d5 6. exd5 exd5 7. Qd2 Nf6 8. a3 Be7 9. Bb5+ Nbd7 10. Nge2 a6 11. Bd3 c5 12. Ng3 c4 13. Be2 O-O 14. Nf5 Re8 15. Nxe7+ Rxe7 16. O-O Qc7 17. a4 Rae8 18. Bf2 Qc6 19. Rfe1 Nf8 20. Bf1 Ng6 21. Rxe7 Rxe7 22. Re1 Re6 23. Rxe6 fxe6 24. Qg5 Kf7 25. h4 h6 26. Qg3 Bc8 27. Qb8 Nd7 28. Qh2 b5 29. axb5 axb5 30. Na2 Ndf8 31. h5 Nh8 32. Bg3 Qe8 33. Nb4 Bd7 34. Be5 Kg8 35. Qg3 Qf7 36. Na6 Nh7 37. Nc5 Be8 38. Nxe6 Nf6 39. Nf4 Bc6 40. c3 Kh7 41. Bxf6 Qxf6 42. Be2 Qe7 43. Kf2 b4 44. Bd1 b3 45. Ng6 Qa7 46. Qd6 Ba8 47. Qe6 Nf7 48. Ne7 Qa1 49. Qxf7 Qxb2+ 50. Be2 1-0